| 000 | 01780cam a22004338i 4500 | ||
|---|---|---|---|
| 001 | 21882734 | ||
| 003 | NUST | ||
| 005 | 20220221154536.0 | ||
| 008 | 210128s2021 flu b 001 0 eng | ||
| 010 | _a 2021004199 | ||
| 020 |
_a9780367278373 _q(hbk) |
||
| 020 |
_a9781032039695 _q(pbk) |
||
| 020 |
_z9780429298172 _q(ebk) |
||
| 038 | _aNUST | ||
| 040 |
_aDLC _beng _erda _cDLC |
||
| 042 | _apcc | ||
| 050 | 0 | 0 |
_aTA434 _b.V57 2021 |
| 082 | 0 | 0 |
_a624.1/833 _223 _bVIP |
| 100 | 1 |
_aVipulanandan, Cumaraswamy, _d1956- _eauthor. _989289 |
|
| 245 | 1 | 0 |
_aSmart cement : _bdevelopment, testing, modeling and real-time monitoring / _cCumaraswamy Vipulanandan. |
| 250 | _aFirst edition. | ||
| 263 | _a2110 | ||
| 264 | 1 |
_aBoca Raton, FL : _bCRC Press, _c2021. |
|
| 300 | _apages cm | ||
| 336 |
_atext _btxt _2rdacontent |
||
| 337 |
_aunmediated _bn _2rdamedia |
||
| 338 |
_avolume _bnc _2rdacarrier |
||
| 504 | _aIncludes bibliographical references and index. | ||
| 520 |
_a"Smart cement is a chemo-thermo-piezoresistive material that functions as a highly sensing 3-dimensional bulk sensor. It can be used for monitoring changes oflectrical resistivity in concrete by the addition of 0.03% of selected conductive or semi-conductive fibers are added to the bulk cement"-- _cProvided by publisher. |
||
| 563 | _aH.B | ||
| 650 | 0 |
_aCement. _989290 |
|
| 650 | 0 |
_aConcrete _xAdditives. _989291 |
|
| 650 | 0 |
_aConcrete _xTesting. _989292 |
|
| 650 | 0 |
_aSmart materials. _989293 |
|
| 776 | 0 | 8 |
_iOnline version: _aVipulanandan, Cumaraswamy. _tSmart cement _bFirst edition _dBoca Raton, FL : CRC Press, 2021 _z9780429298172 _w(DLC) 2021004200 |
| 906 |
_a7 _bcbc _corignew _d1 _eecip _f20 _gy-gencatlg |
||
| 942 |
_2ddc _cBK |
||
| 999 |
_c588078 _d588078 |
||